01041nam a22002417a 450000500170000000800410001704000070005804100080006508200170007310000170009024500380010725000060014526000560015130000340020736500600024144000100030152003330031165000260064465000210067065000380069165000490072970000210077820260430145036.0260430b |||||||| |||| 00| 0 eng d cAL aeng a346.44bNARL aNarayana P S aLand laws in Karnataka Ed 4 Vol 5 a4 aBangalorebKarnataka Law Journal Publicationsc2020 a40p,6741-9477pbHBc23.5x16.4 2Lawa1368b₹1496.25c₹d₹1995.00e25%f21-03-2026 nVol 5 aThe 4th Edition of "The Land Laws in Karnataka: Along with Urban Laws" by P.S. Narayana and Sathpal Puliani provides a comprehensive legal framework for both rural and urban land regulations in the state. The "Urban Laws" component specifically focuses on statutes governing development, tenancy, and municipal administration.  aAlong with Urban Laws aKLJ Publications aKarnataka Municipalities Act 1964 aKrishna Basin Development Authority Act 1992 aPuliani, Sathpal